000 00656nam a2200229u 4500
001 35506
003 BD-RjUL
005 20211209052332.0
008 140526s1961 at a s 000 0 eng
035 _a(BD-RjUL)35600
040 _aDLC
_cCarP
_dDLC
_dBD-RjUL
_beng
041 _aeng
082 _a340.6
_bMCI 1961
100 1 _aMcArthur, Norma.
_9108104
245 0 0 _aIntroducing population statistics /
_cNorma McArthur
260 _aMelbourne ;
_aNew York :
_bOxford University Press,
_c1961.
300 _axiv, 137 p. :
_bill. ;
_c28 cm.
650 0 _aPopulation
_vStatistics.
_95713
942 _2ddc
_cBK
999 _c35506
_d35506